| 000 | 00655nam a2200133Ia 4500 | ||
|---|---|---|---|
| 008 | 171212s9999 xx 000 0 und d | ||
| 020 | _a9780833041654 | ||
| 100 | _aBrewer, Dominic J.;Augustine, Catherine H.;Zellman, Gail L.;Ryan, Gery W.;Goldman, Charles A. | ||
| 245 |
_cBrewer, Dominic J.;Augustine, Catherine H.;Zellman, Gail L.;Ryan, Gery W.;Goldman, Charles A. _aEducation for a New Era, Executive Summary _bDesign and Implementation of K–12 Education Reform in Qatar |
||
| 260 |
_bRAND Corporation _c2007 |
||
| 650 | _aEducation | ||
| 650 | _aEducation -- Qatar; Education and state -- Qatar | ||
| 856 | _uwww.jstor.org/stable/10.7249/mg548-1qatar | ||
| 999 |
_c351978 _d351978 |
||